| 000 | 00781nam a22002177a 4500 | ||
|---|---|---|---|
| 999 |
_c20555 _d20555 |
||
| 003 | AR-CdUCM | ||
| 008 | 190531b ||||| |||| 00| 0 eng d | ||
| 040 |
_aMUNICIPALIDAD PROVINCIAL DEL CUSCO _cBIBLIOTECA MUNICIPAL DEL CUSCO |
||
| 082 |
_a985.61 / _bS18 |
||
| 100 |
_aSalomon Zorrilla, Amilcar _942971 |
||
| 245 |
_aMundo inca : _bInca world / |
||
| 260 |
_aPerú : _bUniverso, |
||
| 300 |
_a91 páginas ; _bIlustrado con pinturas del autor, _c29 cm. |
||
| 500 | _aLibro reempastado, libro en ingles y español | ||
| 505 | _aContenido : Autobiografía -- Exposiciones del autor -- Manco Cápac -- Sinchi Roca... | ||
| 650 |
_aHistoria milenaria _942972 |
||
| 650 |
_aGran Tawantinsuyo _942973 |
||
| 650 |
_aAncestros quechuas _942974 |
||
| 942 |
_2ddc _cLIBROS |
||
| 945 | _aandy | ||